000 00479nam a22001937a 4500
003 MPLRDC
005 20220104143428.0
008 210129b ||||| |||| 00| 0 eng d
020 _a962-17-0115-5
082 _a857.621 NK-38 v.1 c.3
100 _a倪匡
245 _a爱神
_c
250 _a第十版
260 _a
_b博益出版集团有限公司
_c1988
300 _b
490 _a博益科幻系列
650 _a科幻小说
942 _cBK
_o857.621 NK-38 v.1 c.3
999 _c39810
_d39800